Normal view
MARC view
- التربية الخاصة-اطفال معوقون-تعليم
Entry Topical Term
001 - CONTROL NUMBER
- control field: 31683
003 - CONTROL NUMBER IDENTIFIER
- control field: JO-AjAnu
005 - DATE AND TIME OF LATEST TRANSACTION
- control field: 20230606075331.0
008 - FIXED-LENGTH DATA ELEMENTS
- fixed length control field: 230606|| aca||aabn | a|a d
040 ## - CATALOGING SOURCE
- Original cataloging agency: JO-AjAnu
- Transcribing agency: JO-AjAnu
150 ## - HEADING--TOPICAL TERM
- Topical term or geographic name entry element: التربية الخاصة-اطفال معوقون-تعليم
670 ## - SOURCE DATA FOUND
- Source citation: Work cat.: (JO-AjAnu)16267: خصاونة،محمد أحمد مؤلف/الخوالدة،محمد عبد ربه م.مشارك, author 31682, المدخل إلى التربية الخاصة